| 000 | 00359nam a22001337a 4500 | ||
|---|---|---|---|
| 008 | 230606b xxu||||| |||| 00| 0 eng d | ||
| 020 | _a9966846697 | ||
| 082 |
_a616.99 _bOTH |
||
| 100 | _cN.A Othieno-Abinya | ||
| 245 |
_aBreast Cancer _bWhat do you know about Cancer? |
||
| 260 |
_aNairobi _bUniversity of Nairobi Press _c2006 |
||
| 300 | _a41p | ||
| 942 |
_2ddc _cBK |
||
| 999 |
_c712 _d712 |
||